Statistics for Countries that Have (Or had) Statues of Vladimir Lenin

Click here to take the quiz!

General Stats

  • This quiz has been taken 110 times
  • The average score is 30 of 38

Answer Stats

ContinentCountry% Correct
EuropeRussia
99%
EuropeGermany
91%
EuropeUkraine
89%
EuropePoland
89%
AsiaKazakhstan
89%
EuropeLatvia
88%
EuropeEstonia
88%
AsiaUzbekistan
86%
EuropeBelarus
86%
EuropeFinland
86%
North AmericaUSA
86%
EuropeFrance
84%
AsiaGeorgia
84%
EuropeCzech Republic
83%
EuropeRomania
83%
North AmericaCuba
83%
EuropeLithuania
83%
AsiaAzerbaijan
82%
EuropeSlovakia
82%
AsiaTurkmenistan
82%
EuropeBulgaria
81%
AsiaArmenia
81%
AsiaTajikistan
79%
EuropeNorway
79%
EuropeSpain
79%
EuropeHungary
79%
AsiaKyrgyzstan
79%
AsiaMongolia
79%
EuropeSweden
78%
EuropeMoldova
77%
EuropeGreece
76%
AsiaVietnam
76%
EuropeDenmark
73%
EuropeItaly
70%
EuropeNetherlands
62%
EuropeUnited Kingdom
62%
AsiaIndia
61%
AfricaEthiopia
52%

Score Distribution

Percentile by Number Answered

Percent of People with Each Score

Your Score History

You have not taken this quiz